000
00331 a2200145 4500
001
155027
040
_c
Escola São Tomás de Aquino
100
_a
MARQUES, Amadeu
240
1
0
_a
The Inspector's Holidays
_l
eng
245
1
0
_a
The Inspector's Holidays
300
_a
16
362
0
_a
1993
697
_a
Língua inglesa
942
_c
BK
999
_c
155027
_d
155027